| 000 | 00415nam a2200169Ia 4500 | ||
|---|---|---|---|
| 003 | OSt | ||
| 005 | 20240719094313.0 | ||
| 008 | 230105s9999||||xx |||||||||||||| ||und|| | ||
| 020 | _a978 9966 49 878 8 | ||
| 040 | _cChuka University Library | ||
| 050 |
_aPL 8702 _b.H56 1982 |
||
| 100 |
_aHimid, Rukiya _94102 |
||
| 245 | 0 | _aYanarudia tena | |
| 260 |
_aNairobi _bLonghorn _c1982 |
||
| 300 | _a131p. | ||
| 942 |
_cBK _2lcc |
||
| 999 |
_c6516 _d6516 |
||